Statistics for Largest Cities of Norway on a Map

Click here to take the quiz!

General Stats

  • This quiz has been taken 229 times
  • The average score is 10 of 16

Answers on the Map

Answers color-coded by a green-red scale on the quiz's map according to % correct below.
 

Answer Stats

PopulationCity% Correct
1,000,467Oslo
100%
255,464Bergen
94%
183,378Trondheim
91%
222,697Stavanger / Sandnes
85%
39,762Tromsø
83%
63,441Kristiansand
80%
41,215Bodø
65%
117,510Drammen
65%
52,625Ålesund
58%
112,464Fredrikstad / Sarpsborg
57%
93,065Skien / Porsgrunn
47%
44,873Haugesund
44%
51,887Tønsberg
35%
43,396Arendal
31%
47,008Moss
31%
44,046Sandefjord
29%

Score Distribution

Percentile by Number Answered

Percent of People with Each Score

Your Score History

You have not taken this quiz